Normal view
MARC view
Entry Topical Term
001 - CONTROL NUMBER
- control field: 8376
003 - CONTROL NUMBER IDENTIFIER
- control field: BD-RjUL
005 - DATE AND TIME OF LATEST TRANSACTION
- control field: 20230816145731.0
008 - FIXED-LENGTH DATA ELEMENTS
- fixed length control field: 230816|| aca||aabn | a|a d
040 ## - CATALOGING SOURCE
- Original cataloging agency: BD-RjUL
- Transcribing agency: BD-RjUL
150 ## - HEADING--TOPICAL TERM
- Topical term or geographic name entry element: Criticism and interpretation Criticism, interpretation, etc
670 ## - SOURCE DATA FOUND
- Source citation: Work cat.: (BD-RjUL)81701: Waqif, Muhammad Ayub واقف، محمد ايوب 8374, جگن ناتھ آزاد، ایک مطالعه / Jagan Nāth Āzād : ek mut̤ālaʻah /, 1980